Logo BPK

Biblioteka

Politechniki Koszalińskiej

Longman pronunciation dictionary / (Rekord nr 52279)

Szczegóły MARC
000 -ETYKIETA REKORDU
podpole kontrolne o stałej długości 00735nam a2200253 i 4500
001 - NUMER KONTROLNY REKORDU
pole kontrolne bg
020 ## - MIĘDZYNARODOWY ZNORMALIZOWANY NUMER KSIĄŻKI - ISBN
ISBN 0582364671
020 ## - MIĘDZYNARODOWY ZNORMALIZOWANY NUMER KSIĄŻKI - ISBN
ISBN 9780582364677
040 ## - ŹRÓDŁO KATALOGOWANIA
Instytucja, która utworzyła rekord BPK
041 0# - KOD JĘZYKA
Kod języka tekstu eng
080 ## - UNIWERSALNA KLASYFIKACJA DZIESIĘTNA - UKD
UKD 811.111'355
080 ## - UNIWERSALNA KLASYFIKACJA DZIESIĘTNA - UKD
UKD (038)
920 ## - Międzynarodowy znormalizowany numer książki – ISBN
ISBN 0-582-36467-1
920 ## - Międzynarodowy znormalizowany numer książki – ISBN
ISBN 978-0-582-36467-7
008 - POLE O STAŁEJ DŁUGOŚCI - DANE KONTROLNE
podpole kontrolne o stałej długości s pl f |000 0 pol
100 1# - NAZWA OSOBOWA
Nazwa osobowa WELLS, J. C.
Daty związane z nazwą (1939- )
245 10 - TYTUŁ/ODPOWIEDZIALNOŚĆ
Tytuł Longman pronunciation dictionary /
Pozostałe elementy strefy tytułu i oznaczenia odpowiedzialności J.
Oznaczenie części/sekcji dzieła C. Wells.
260 ## - STREFA ADRESU WYDAWNICZEGO
Miejsce wydania Harlow :
Nazwa wydawcy/dystrybutora Pearson Education,
Data publikacji, dystrybucji/powstania dokumentu 2005.
300 ## - STREFA OPISU FIZYCZNEGO
Objętość XXVI, 869 s. :
Inne cechy fizyczne wykr. ;
Rozmiary 21 cm.
650 #9 - HASŁO PRZEDMIOTOWE W FORMIE NAZWY OGÓLNEJ LUB JEDNOSTKOWEJ
Nazwa ogólna lub geograficzna Język angielski
Określnik ogólny wymowa
650 #9 - HASŁO PRZEDMIOTOWE W FORMIE NAZWY OGÓLNEJ LUB JEDNOSTKOWEJ
Nazwa ogólna lub geograficzna Słowniki angielskie
942 ## - DODATKOWE ELEMENTY (KOHA)
Typ dokumentu Książka
Egzemplarze
Wycofany Status egzemplarza Uszkodzony Dostępność Lokalizacja stała Lokalizacja bieżąca Miejsce przechowywania Sygnatura Kod kreskowy Dział Typ dokumentu
      Tylko na miejscu Biblioteka Politechniki Koszalińskiej Biblioteka Politechniki Koszalińskiej Czytelnia Wydziałowa ul. Kwiatkowskiego 6e 80464 02335155 811.111(03) Język angielski - encyklopedie, słowniki Książka
      Tylko na miejscu Biblioteka Politechniki Koszalińskiej Biblioteka Politechniki Koszalińskiej Czytelnia BG 80465 02335148 0/9(03) Encyklopedie. Leksykony Książka
© 2023 Biblioteka Politechniki Koszalińskiej :: KOHA